J. Stieranka: Chcem, aby sme sa viac zaoberali praním špinavých peňazí

Rozhovor s J. Stierankom, riaditeľom Úradu finančnej polície. Charakteristika a úlohy finančnej polície. Snaha Ministerstva financií SR vytvoriť daňovú políciu. Spolupráca pracovníkov finančnej polície s vyšetrovateľmi. Povinnosť bánk hlásiť podozrivé bankové operácie finančnej polícii. Páchatelia e...

ver descrição completa

Na minha lista:
Detalhes bibliográficos
Autor principal: Šporer, Peter
Outros Autores: Stieranka, Jozef
Formato: Capítulo de Livro
Idioma:eslovaco
Assuntos:
Tags: Adicionar Tag
Sem tags, seja o primeiro a adicionar uma tag!

MARC

LEADER 00000naa a2200000 4500
001 r034299
005 20230921103311.8
041 0 |a slo 
044 |a SK 
245 1 0 |a J. Stieranka: Chcem, aby sme sa viac zaoberali praním špinavých peňazí  |c Peter Šporer, Jozef Stieranka 
520 |a Rozhovor s J. Stierankom, riaditeľom Úradu finančnej polície. Charakteristika a úlohy finančnej polície. Snaha Ministerstva financií SR vytvoriť daňovú políciu. Spolupráca pracovníkov finančnej polície s vyšetrovateľmi. Povinnosť bánk hlásiť podozrivé bankové operácie finančnej polícii. Páchatelia ekonomickej kriminality využívajú malé skúsenosti rôznych inštitúcií a medzery v legislatíve. 
610 2 0 |a kriminalita finančná 
610 2 0 |a kriminalita hospodárska 
610 2 0 |a polícia 
610 2 0 |a pranie špinavých peňazí 
610 2 0 |a legislatíva 
610 2 0 |a Slovensko 
100 1 |a Šporer, Peter 
700 1 |a Stieranka, Jozef